| 000 | 00778cab a2200229 4500 | ||
|---|---|---|---|
| 001 | WB3401-67 | ||
| 008 | 090401t1997 xxu||||| |||| 00| 0 eng d | ||
| 035 | _a(Sirsi) u82868 | ||
| 041 | _aeng | ||
| 245 | _aLeasehold Valuation Tribunals | ||
| 260 | _c1997 | ||
| 350 | _a0 | ||
| 490 |
_aTimes _v20 December 1997, 51(1) |
||
| 520 | _aLeaseholders` hopes of being able to transfer cases about service charges to Leasehold Valuation Tribunals, have been dashed. Only cases started after 1 September 1997 can be heard there. Includes some information on the LVTs. | ||
| 650 | _aLEASEHOLD VALUATION TRIBUNALS | ||
| 650 | _aLEASEHOLDERS | ||
| 650 | _aLEGAL COSTS | ||
| 650 | _aSERVICE CHARGES | ||
| 690 |
_aLandlord and tenant _96252 |
||
| 942 | _n0 | ||
| 948 | _c23/12/1997 | ||
| 999 |
_c52330 _d52330 |
||